00509cam a22001457a 4500008004000000082001700040245011900057260003900176300001000215650003500225650003000260650003400290700002000324700001900344180718b2002 xxu||||| |||| 00| 0 eng d aT19x866 B388 aCrisis and dollarization in ecuador stability, growth and social equitycedited by Paul Beckerman, Andres Solimano aWashington, D.C.bWorld Bankc2002 a215p. aEconomic development - Ecuador aEcuador - Economic policy aEcuador - Economic conditions aSolimano Andres aBeckerman Paul